<?xml version="1.0" encoding="UTF-8"?>
<marc:record xmlns:marc="http://www.loc.gov/MARC21/slim" type="Bibliographic">
   <marc:leader>00000pam a2200000 c 4500</marc:leader>
   <marc:controlfield tag="001">956598943</marc:controlfield>
   <marc:controlfield tag="003">DE-101</marc:controlfield>
   <marc:controlfield tag="005">20171203070934.0</marc:controlfield>
   <marc:controlfield tag="007">tu</marc:controlfield>
   <marc:controlfield tag="008">990608s1999    gw ||||| m||| 00||||ger  </marc:controlfield>
   <marc:datafield ind1=" " ind2=" " tag="015">
      <marc:subfield code="a">99,A38,0920</marc:subfield>
      <marc:subfield code="z">99,N27,0136</marc:subfield>
      <marc:subfield code="2">dnb</marc:subfield>
   </marc:datafield>
   <marc:datafield ind1="7" ind2=" " tag="016">
      <marc:subfield code="2">DE-101</marc:subfield>
      <marc:subfield code="a">956598943</marc:subfield>
   </marc:datafield>
   <marc:datafield ind1=" " ind2=" " tag="020">
      <marc:subfield code="a">9783824443390</marc:subfield>
      <marc:subfield code="c">kart. : DM 46.00, sfr 42.50, S 336.00</marc:subfield>
      <marc:subfield code="9">978-3-8244-4339-0</marc:subfield>
   </marc:datafield>
   <marc:datafield ind1=" " ind2=" " tag="020">
      <marc:subfield code="a">3824443392</marc:subfield>
      <marc:subfield code="c">kart. : DM 46.00, sfr 42.50, S 336.00</marc:subfield>
      <marc:subfield code="9">3-8244-4339-2</marc:subfield>
   </marc:datafield>
   <marc:datafield ind1=" " ind2=" " tag="035">
      <marc:subfield code="a">(DE-599)DNB956598943</marc:subfield>
   </marc:datafield>
   <marc:datafield ind1=" " ind2=" " tag="035">
      <marc:subfield code="a">(OCoLC)634462902</marc:subfield>
   </marc:datafield>
   <marc:datafield ind1=" " ind2=" " tag="040">
      <marc:subfield code="a">1240</marc:subfield>
      <marc:subfield code="b">ger</marc:subfield>
      <marc:subfield code="c">DE-101</marc:subfield>
      <marc:subfield code="d">9999</marc:subfield>
   </marc:datafield>
   <marc:datafield ind1=" " ind2=" " tag="041">
      <marc:subfield code="a">ger</marc:subfield>
   </marc:datafield>
   <marc:datafield ind1=" " ind2=" " tag="044">
      <marc:subfield code="c">XA-DE</marc:subfield>
   </marc:datafield>
   <marc:datafield ind1=" " ind2=" " tag="084">
      <marc:subfield code="a">33</marc:subfield>
      <marc:subfield code="a">11</marc:subfield>
      <marc:subfield code="a">14</marc:subfield>
      <marc:subfield code="a">610</marc:subfield>
      <marc:subfield code="q">DE-101</marc:subfield>
      <marc:subfield code="2">sdnb</marc:subfield>
   </marc:datafield>
   <marc:datafield ind1=" " ind2=" " tag="084">
      <marc:subfield code="a">5.2</marc:subfield>
      <marc:subfield code="a">27.13</marc:subfield>
      <marc:subfield code="a">5.3</marc:subfield>
      <marc:subfield code="q">DE-101</marc:subfield>
      <marc:subfield code="2">sswd</marc:subfield>
   </marc:datafield>
   <marc:datafield ind1=" " ind2=" " tag="090">
      <marc:subfield code="a">b</marc:subfield>
   </marc:datafield>
   <marc:datafield ind1="1" ind2=" " tag="100">
      <marc:subfield code="0">(DE-588)120873079</marc:subfield>
      <marc:subfield code="0">http://d-nb.info/gnd/120873079</marc:subfield>
      <marc:subfield code="0">(DE-101)120873079</marc:subfield>
      <marc:subfield code="a">Schumann, Eike Christiane</marc:subfield>
      <marc:subfield code="d">1967-</marc:subfield>
      <marc:subfield code="e">Verfasser</marc:subfield>
      <marc:subfield code="4">aut</marc:subfield>
   </marc:datafield>
   <marc:datafield ind1="0" ind2="0" tag="245">
      <marc:subfield code="a">Beziehungsmuster erwachsener Kinder aus Alkoholikerfamilien</marc:subfield>
      <marc:subfield code="b">eine qualitative Untersuchung</marc:subfield>
      <marc:subfield code="c">Eike Christiane Schumann. Mit einem Geleitw. von Gerd Rudolf</marc:subfield>
   </marc:datafield>
   <marc:datafield ind1=" " ind2="1" tag="264">
      <marc:subfield code="a">Wiesbaden</marc:subfield>
      <marc:subfield code="b">Dt. Univ.-Verl.</marc:subfield>
      <marc:subfield code="c">1999</marc:subfield>
   </marc:datafield>
   <marc:datafield ind1=" " ind2=" " tag="300">
      <marc:subfield code="a">XIV, 188 S.</marc:subfield>
      <marc:subfield code="b">graph. Darst.</marc:subfield>
      <marc:subfield code="c">21 cm</marc:subfield>
   </marc:datafield>
   <marc:datafield ind1=" " ind2=" " tag="336">
      <marc:subfield code="a">Text</marc:subfield>
      <marc:subfield code="b">txt</marc:subfield>
      <marc:subfield code="2">rdacontent</marc:subfield>
   </marc:datafield>
   <marc:datafield ind1=" " ind2=" " tag="337">
      <marc:subfield code="a">ohne Hilfsmittel zu benutzen</marc:subfield>
      <marc:subfield code="b">n</marc:subfield>
      <marc:subfield code="2">rdamedia</marc:subfield>
   </marc:datafield>
   <marc:datafield ind1=" " ind2=" " tag="338">
      <marc:subfield code="a">Band</marc:subfield>
      <marc:subfield code="b">nc</marc:subfield>
      <marc:subfield code="2">rdacarrier</marc:subfield>
   </marc:datafield>
   <marc:datafield ind1="0" ind2=" " tag="490">
      <marc:subfield code="a">DUV : Psychologie</marc:subfield>
   </marc:datafield>
   <marc:datafield ind1=" " ind2=" " tag="502">
      <marc:subfield code="a">Zugl.: Heidelberg, Univ., Diss., 1999</marc:subfield>
   </marc:datafield>
   <marc:datafield ind1=" " ind2="7" tag="650">
      <marc:subfield code="0">(DE-588)4016397-0</marc:subfield>
      <marc:subfield code="0">http://d-nb.info/gnd/4016397-0</marc:subfield>
      <marc:subfield code="0">(DE-101)040163970</marc:subfield>
      <marc:subfield code="a">Familie</marc:subfield>
      <marc:subfield code="2">gnd</marc:subfield>
   </marc:datafield>
   <marc:datafield ind1=" " ind2="7" tag="650">
      <marc:subfield code="0">(DE-588)4001220-7</marc:subfield>
      <marc:subfield code="0">http://d-nb.info/gnd/4001220-7</marc:subfield>
      <marc:subfield code="0">(DE-101)040012204</marc:subfield>
      <marc:subfield code="a">Alkoholismus</marc:subfield>
      <marc:subfield code="2">gnd</marc:subfield>
   </marc:datafield>
   <marc:datafield ind1=" " ind2="7" tag="650">
      <marc:subfield code="0">(DE-588)4202105-4</marc:subfield>
      <marc:subfield code="0">http://d-nb.info/gnd/4202105-4</marc:subfield>
      <marc:subfield code="0">(DE-101)042021057</marc:subfield>
      <marc:subfield code="a">Erwachsenes Kind</marc:subfield>
      <marc:subfield code="2">gnd</marc:subfield>
   </marc:datafield>
   <marc:datafield ind1=" " ind2="7" tag="650">
      <marc:subfield code="0">(DE-588)4079583-4</marc:subfield>
      <marc:subfield code="0">http://d-nb.info/gnd/4079583-4</marc:subfield>
      <marc:subfield code="0">(DE-101)040795837</marc:subfield>
      <marc:subfield code="a">Zwischenmenschliche Beziehung</marc:subfield>
      <marc:subfield code="2">gnd</marc:subfield>
   </marc:datafield>
   <marc:datafield ind1=" " ind2="7" tag="650">
      <marc:subfield code="0">(DE-588)4058125-1</marc:subfield>
      <marc:subfield code="0">http://d-nb.info/gnd/4058125-1</marc:subfield>
      <marc:subfield code="0">(DE-101)04058125X</marc:subfield>
      <marc:subfield code="a">Struktur</marc:subfield>
      <marc:subfield code="2">gnd</marc:subfield>
   </marc:datafield>
   <marc:datafield ind1=" " ind2="7" tag="655">
      <marc:subfield code="0">(DE-588)4113937-9</marc:subfield>
      <marc:subfield code="0">http://d-nb.info/gnd/4113937-9</marc:subfield>
      <marc:subfield code="0">(DE-101)041139372</marc:subfield>
      <marc:subfield code="a">Hochschulschrift</marc:subfield>
      <marc:subfield code="2">gnd-content</marc:subfield>
   </marc:datafield>
   <marc:datafield ind1="0" ind2="0" tag="689">
      <marc:subfield code="0">(DE-588)4016397-0</marc:subfield>
      <marc:subfield code="0">http://d-nb.info/gnd/4016397-0</marc:subfield>
      <marc:subfield code="0">(DE-101)040163970</marc:subfield>
      <marc:subfield code="D">s</marc:subfield>
      <marc:subfield code="a">Familie</marc:subfield>
   </marc:datafield>
   <marc:datafield ind1="0" ind2="1" tag="689">
      <marc:subfield code="0">(DE-588)4001220-7</marc:subfield>
      <marc:subfield code="0">http://d-nb.info/gnd/4001220-7</marc:subfield>
      <marc:subfield code="0">(DE-101)040012204</marc:subfield>
      <marc:subfield code="D">s</marc:subfield>
      <marc:subfield code="a">Alkoholismus</marc:subfield>
   </marc:datafield>
   <marc:datafield ind1="0" ind2="2" tag="689">
      <marc:subfield code="0">(DE-588)4202105-4</marc:subfield>
      <marc:subfield code="0">http://d-nb.info/gnd/4202105-4</marc:subfield>
      <marc:subfield code="0">(DE-101)042021057</marc:subfield>
      <marc:subfield code="D">s</marc:subfield>
      <marc:subfield code="a">Erwachsenes Kind</marc:subfield>
   </marc:datafield>
   <marc:datafield ind1="0" ind2="3" tag="689">
      <marc:subfield code="0">(DE-588)4079583-4</marc:subfield>
      <marc:subfield code="0">http://d-nb.info/gnd/4079583-4</marc:subfield>
      <marc:subfield code="0">(DE-101)040795837</marc:subfield>
      <marc:subfield code="D">s</marc:subfield>
      <marc:subfield code="a">Zwischenmenschliche Beziehung</marc:subfield>
   </marc:datafield>
   <marc:datafield ind1="0" ind2="4" tag="689">
      <marc:subfield code="0">(DE-588)4058125-1</marc:subfield>
      <marc:subfield code="0">http://d-nb.info/gnd/4058125-1</marc:subfield>
      <marc:subfield code="0">(DE-101)04058125X</marc:subfield>
      <marc:subfield code="D">s</marc:subfield>
      <marc:subfield code="a">Struktur</marc:subfield>
   </marc:datafield>
   <marc:datafield ind1="0" ind2=" " tag="689">
      <marc:subfield code="5">DE-101</marc:subfield>
      <marc:subfield code="5">DE-101</marc:subfield>
   </marc:datafield>
   <marc:datafield ind1="0" ind2="8" tag="776">
      <marc:subfield code="i">Online-Ausg.</marc:subfield>
      <marc:subfield code="a">Schumann, Eike Christiane, 1967-</marc:subfield>
      <marc:subfield code="t">Beziehungsmuster erwachsener Kinder aus Alkoholikerfamilien</marc:subfield>
      <marc:subfield code="d">Wiesbaden : Deutscher Universitätsverlag, 1999</marc:subfield>
      <marc:subfield code="h">Online-Ressource</marc:subfield>
      <marc:subfield code="w">(DE-101)1029875979</marc:subfield>
   </marc:datafield>
   <marc:datafield ind1=" " ind2=" " tag="850">
      <marc:subfield code="a">DE-101a</marc:subfield>
      <marc:subfield code="a">DE-101b</marc:subfield>
   </marc:datafield>
   <marc:datafield ind1="4" ind2="2" tag="856">
      <marc:subfield code="m">V:DE-601</marc:subfield>
      <marc:subfield code="q">application/pdf</marc:subfield>
      <marc:subfield code="u">http://d-nb.info/956598943/04</marc:subfield>
      <marc:subfield code="3">Inhaltsverzeichnis</marc:subfield>
   </marc:datafield>
   <marc:datafield ind1="r" ind2=" " tag="925">
      <marc:subfield code="a">ra</marc:subfield>
   </marc:datafield>
</marc:record>
